Wszystkie państwa na literę "G" - Statystyki

Ogólne statystyki
  • Ten quiz został rozwiązany 46 razy
  • Średni wynik to 9 z 11
Statystyki odpowiedzi
Kontynent Odpowiedź % Poprawnych
Europa Grecja
92%
Afryka Gwinea
92%
Afryka Gambia
85%
Afryka Gwinea Równikowa
85%
Azja Gruzja
82%
Ameryka Północna Gwatemala
77%
Afryka Gwinea Bissau
77%
Afryka Gabon
72%
Ameryka Południowa Gujana
72%
Afryka Ghana
67%
Ameryka Północna Grenada
59%
Nie znaleziono quizów pasujących do podanych kryteriów
Rozkład punktacji
Procent ludzi z każdym wynikiem
Percentyl według liczby udzielonych odpowiedzi
Twoja historia wyników
Nie rozwiązałeś tego quizu